000 00327nam a2200133Ia 4500
008 240624s9999 xx 000 0 und d
041 _aeng
082 _a823 KIP
100 _aKIPLING RUDYARD
245 _aNAULAHKA A STORY OF WEST AND EAST
260 _c2005
_aNew Delhi
_bRupa
300 _a332 : p. : cm. ; 17
365 _cRS
999 _c28732
_d28732